| 000 | 00671nam a2200205 i 4500 | ||
|---|---|---|---|
| 001 | 150665 | ||
| 003 | ES-MaACL | ||
| 005 | 20230906203628.0 | ||
| 007 | t| | ||
| 008 | 071105s1960 sp ||||1| spa d | ||
| 100 | 1 |
_aDournier, A. _945512 |
|
| 245 | 1 | 3 |
_aEl fresado de los metales / _cpor A. Dournier... y P. Saget. |
| 260 |
_aMadrid : _bTécnicos Especialistas Asociados, _c[1960?] |
||
| 300 |
_a55 p. ; _c27 cm. |
||
| 490 | 1 |
_aTecnologia de las fabricaciones mecánicas ; _vfasc. 4 |
|
| 700 | 1 |
_aSaget, P. _9101436 |
|
| 830 | 0 |
_aTecnologia de las fabricaciones mecánicas ; _vfasc. 4 _9187621 |
|
| 852 |
_aES-MaACL _j1678-F-18 _bR.40816 |
||
| 999 |
_c150665 _d150665 |
||